zpět

Detail výsledku týmu

KD Zliv, Zliv

Datum a čas kvízu

31 Celkem bodů Celkový počet nahraných bodů na tomto kvízu bez doplňovacích otázek.
4. Pořadí na kvízu Konečné umístění týmu na tomto kvízu.

Zaznamenané odpovědi

# Otázka Odpověď Body Výsledky
1. Jistá česká osobnost získala m... Václav Havel 0
2. V jednom z evropských států je... Lucembursko 0
3. Ve středu mělo na Berlínském f... Šarlatán 1
4. Britský maloobchodní řetězec T... mají různé odstíny podle barev pleti 1
5. Pětinásobná grandslamová vítěz... Maria Šarapovová 0
6. Peníze máme v ruce každý den,... Česká národní banka 0
7. Které dvě osobnosti mají jméno... D 0
8. Celkem kolikrát je na obou str... čtyřikrát 0
9. Kolik Kč činí nominální hodnot... 2 000 Kč 0
10. Které z mincí o hodnotě 1 až 5... všechny 1